| 000 | 00477nam a2200193 a 4500 | ||
|---|---|---|---|
| 001 | 0000425 | ||
| 003 | DO-SdBNP | ||
| 005 | 20160620102456.0 | ||
| 007 | 0000425 | ||
| 008 | 091125s20uu dr a 000 0 spa d | ||
| 040 |
_aBPMSU _bspa _cBPMSU |
||
| 100 | 1 | _aThen Cruz, Nelson | |
| 245 | 1 | 3 |
_aEl gallo tico / _cNelson Then Cruz |
| 260 |
_a[Santo Domingo] : _bsn, _c[201-?]. |
||
| 300 |
_a2 p. : _bil. _c27 cm. |
||
| 910 | _a | ||
| 942 |
_2ddc _cBK |
||
| 956 |
_aYngrid Lockward _b10 |
||
| 999 |
_c10439 _d10439 |
||